[Event "SLO-chT2 West"]
[Site "Komenda"]
[Date "2017.11.25"]
[Round "5.1"]
[White "Luzar, Emil"]
[Black "Pridigar, Lovro"]
[Result "0-1"]
[WhiteElo "2141"]
[BlackElo "2040"]
[PlyCount "78"]
[EventDate "2017.11.11"]
[EventType "team-tourn"]
[EventRounds "7"]
[EventCountry "SLO"]
[SourceTitle "EXT 2019"]
[Source "ChessBase"]
[SourceDate "2018.10.10"]
[SourceVersion "1"]
[SourceVersionDate "2018.10.10"]
[SourceQuality "1"]
[WhiteTeam "Dolenjske Toplice"]
[BlackTeam "Postojna"]
[WhiteTeamCountry "SLO"]
[BlackTeamCountry "SLO"]

1. e4 c5 2. Nc3 Nc6 3. f4 d6 4. Nf3 Nf6 5. Bc4 e6 6. 0-0 Be7 7. d3 0-0 8. Qe1 Na5 9. e5 Ne8 10. Bb3 a6 11. Ne2 b5 12. Bd2 Nc6 13. a4 Bb7 14. f5 exf5 15. e6 fxe6 16. Nf4 Nc7 17. Bxe6+ Kh8 18. Qg3 Ne5 19. Nxe5 dxe5 20. Bc3 Bh4 21. Qh3 exf4 22. Rxf4 Bg5 23. Bxf5 Rxf5 24. Rxf5 Bc8 25. axb5 Bxf5 26. Qxf5 Be3+ 27. Kh1 Nxb5 28. Bxg7+ Kxg7 29. Qe5+ Qf6 30. Qxe3 Nd4 31. c3 Nc2 32. Qg3+ Kh8 33. Rc1 Rg8 34. Qc7 Qf5 35. Qe7 Qf4 36. Rg1 Ne3 37. Qb7 Ng4 38. g3 Qd2 39. Qg2 Nf2+ 0-1

[Event "SLO-chT2 West"]
[Site "Komenda"]
[Date "2016.11.27"]
[Round "8.2"]
[White "Pridigar, Lovro"]
[Black "Mlacnik, Franc"]
[Result "0-1"]
[WhiteElo "2044"]
[BlackElo "2019"]
[PlyCount "54"]
[EventDate "2016.11.11"]
[EventType "team-tourn"]
[EventRounds "9"]
[EventCountry "SLO"]
[SourceTitle "EXT 2019"]
[Source "ChessBase"]
[SourceDate "2018.10.10"]
[SourceVersion "1"]
[SourceVersionDate "2018.10.10"]
[SourceQuality "1"]
[WhiteTeam "Postojna"]
[BlackTeam "Ljubljana Karel Jeraj"]
[WhiteTeamCountry "SLO"]
[BlackTeamCountry "SLO"]

1. d4 f5 2. Nf3 e6 3. g3 Nf6 4. Bg2 Be7 5. 0-0 0-0 6. c4 d6 7. Nc3 Qe8 8. Re1 Qg6 9. e4 fxe4 10. Nxe4 Nxe4 11. Rxe4 Nc6 12. Re1 Bf6 13. Bf4 Kh8 14. Qd2 Nxd4 15. Nxd4 e5 16. Be4 Qh5 17. Be3 exd4 18. Bxd4 c6 19. Qd3 Bg4 20. Rab1 Rae8 21. Bg2 Bf5 22. Be4 Rxe4 23. Rxe4 d5 24. cxd5 cxd5 25. Qa3 Qf7 26. Bxf6 Bxe4 27. Be7 Qxf2# 0-1

[Event "SLO-chT2 West"]
[Site "Komenda"]
[Date "2016.11.13"]
[Round "5.2"]
[White "Doric, Nenad"]
[Black "Pridigar, Lovro"]
[Result "1-0"]
[WhiteElo "2255"]
[BlackElo "2044"]
[PlyCount "49"]
[EventDate "2016.11.11"]
[EventType "team-tourn"]
[EventRounds "9"]
[EventCountry "SLO"]
[SourceTitle "EXT 2019"]
[Source "ChessBase"]
[SourceDate "2018.10.10"]
[SourceVersion "1"]
[SourceVersionDate "2018.10.10"]
[SourceQuality "1"]
[WhiteTeam "Ilirska Bistrica Rimex"]
[BlackTeam "Postojna"]
[WhiteTeamCountry "SLO"]
[BlackTeamCountry "SLO"]

1. e4 c5 2. c3 d6 3. d4 Nf6 4. Bd3 Nc6 5. Nf3 g6 6. h3 Bg7 7. Be3 cxd4 8. cxd4 Bd7 9. Nc3 0-0 10. 0-0 Rc8 11. a3 Na5 12. Qe2 a6 13. Rad1 Qc7 14. e5 Ne8 15. Nd5 Qd8 16. Bg5 f6 17. exf6 Nxf6 18. Nxe7+ Kh8 19. Nxc8 Qxc8 20. Rc1 Qd8 21. Rfe1 h6 22. Bh4 g5 23. Bg3 Nh5 24. Bxd6 Re8 25. Ne5 1-0

[Event "Mediterranean op 8th"]
[Site "Rijeka"]
[Date "2015.12.11"]
[Round "8"]
[White "Pridigar, Lovro"]
[Black "Muslija, Idris"]
[Result "0-1"]
[WhiteElo "1921"]
[BlackElo "2240"]
[PlyCount "58"]
[EventDate "2015.12.05"]
[EventType "swiss"]
[EventRounds "9"]
[EventCountry "CRO"]
[SourceTitle "CBM 169 Extra"]
[Source "ChessBase"]
[SourceDate "2015.12.18"]
[SourceVersion "1"]
[SourceVersionDate "2015.12.18"]
[SourceQuality "1"]

1. d4 Nf6 2. Nf3 d5 3. Bf4 c5 4. e3 Qb6 5. Qc1 Nc6 6. c3 Bf5 7. Nbd2 h6 8. Be2 e6 9. 0-0 Be7 10. Ne5 Nxe5 11. Bxe5 0-0 12. Nf3 Rac8 13. dxc5 Qxc5 14. Bd4 Qc7 15. Ne5 Bd6 16. f4 Ne4 17. Nf3 f6 18. Qd1 Kh8 19. c4 dxc4 20. Rc1 b5 21. b3 e5 22. fxe5 fxe5 23. Ba1 Qc5 24. Qe1 c3 25. Bd3 b4 26. a3 a5 27. axb4 axb4 28. Kh1 Ng3+ 29. Qxg3 Bxd3 0-1

[Event "Mediterranean op 8th"]
[Site "Rijeka"]
[Date "2015.12.08"]
[Round "5"]
[White "Jelecevic, Ivo"]
[Black "Pridigar, Lovro"]
[Result "1/2-1/2"]
[WhiteElo "2137"]
[BlackElo "1921"]
[PlyCount "67"]
[EventDate "2015.12.05"]
[EventType "swiss"]
[EventRounds "9"]
[EventCountry "CRO"]
[SourceTitle "CBM 169 Extra"]
[Source "ChessBase"]
[SourceDate "2015.12.18"]
[SourceVersion "1"]
[SourceVersionDate "2015.12.18"]
[SourceQuality "1"]

1. e4 c5 2. Nf3 d6 3. d4 cxd4 4. Nxd4 Nf6 5. Nc3 g6 6. Be3 Bg7 7. f3 0-0 8. Qd2 Nc6 9. 0-0-0 Nxd4 10. Bxd4 Be6 11. h4 Qa5 12. Kb1 Rfc8 13. a3 Rab8 14. Nd5 Qxd2 15. Nxf6+ Bxf6 16. Rxd2 Bxd4 17. Rxd4 b5 18. Be2 a5 19. c3 Bc4 20. Bxc4 bxc4 21. Kc2 Rc5 22. Rhd1 a4 23. Rd5 Rbb5 24. Rxc5 Rxc5 25. Rd4 f5 26. Kd2 Kf7 27. Ke3 Kf6 28. f4 h5 29. Rd2 Kf7 30. Kd4 e6 31. Re2 Rc6 32. Rd2 fxe4 33. Kxe4 Kf6 34. Re2 1/2-1/2

[Event "Mediterranean op 8th"]
[Site "Rijeka"]
[Date "2015.12.07"]
[Round "4"]
[White "Pridigar, Lovro"]
[Black "Batory, Lucija"]
[Result "1-0"]
[WhiteElo "1921"]
[BlackElo "1788"]
[PlyCount "87"]
[EventDate "2015.12.05"]
[EventType "swiss"]
[EventRounds "9"]
[EventCountry "CRO"]
[SourceTitle "CBM 169 Extra"]
[Source "ChessBase"]
[SourceDate "2015.12.18"]
[SourceVersion "1"]
[SourceVersionDate "2015.12.18"]
[SourceQuality "1"]

1. d4 d5 2. Bf4 e6 3. Nf3 Nf6 4. e3 c5 5. c3 Nc6 6. Nbd2 Bd6 7. Bg3 0-0 8. Bd3 b6 9. Ne5 Bb7 10. 0-0 Qc7 11. f4 c4 12. Bc2 b5 13. Bh4 Be7 14. Qf3 a5 15. Qh3 g6 16. Bg5 b4 17. Qh6 Nxe5 18. fxe5 Ng4 19. Qh4 Bxg5 20. Qxg5 f5 21. h3 Nxe5 22. Qf4 bxc3 23. bxc3 Bc8 24. Qxe5 Qe7 25. a4 Bd7 26. Rfb1 Qe8 27. Rb7 Rb8 28. Rab1 Rxb7 29. Rxb7 Rf7 30. Nf3 h6 31. Qb8 Bc6 32. Qxe8+ Bxe8 33. Rxf7 Kxf7 34. Ne5+ Kf6 35. Kf2 g5 36. Kf3 h5 37. g3 Kg7 38. h4 Kf6 39. Bd1 gxh4 40. gxh4 Ke7 41. Kf4 Kf6 42. Bc2 Ke7 43. Kg5 Kd6 44. Kf6 1-0

[Event "Mediterranean op 8th"]
[Site "Rijeka"]
[Date "2015.12.06"]
[Round "2"]
[White "Pridigar, Lovro"]
[Black "Doric, Nenad"]
[Result "1/2-1/2"]
[WhiteElo "1921"]
[BlackElo "2273"]
[PlyCount "106"]
[EventDate "2015.12.05"]
[EventType "swiss"]
[EventRounds "9"]
[EventCountry "CRO"]
[SourceTitle "CBM 169 Extra"]
[Source "ChessBase"]
[SourceDate "2015.12.18"]
[SourceVersion "1"]
[SourceVersionDate "2015.12.18"]
[SourceQuality "1"]

1. d4 d5 2. Bf4 Nf6 3. e3 c5 4. c3 Nc6 5. Nd2 cxd4 6. exd4 Bf5 7. Ngf3 e6 8. Qb3 Qc8 9. Ne5 Nxe5 10. Bxe5 Nd7 11. Bb5 f6 12. Bg3 a6 13. Be2 Be7 14. Bf3 b5 15. 0-0 Nb6 16. Rfe1 Nc4 17. Nxc4 bxc4 18. Qa4+ Qd7 19. Bh5+ g6 20. Bd1 Qb5 21. b4 cxb3 22. axb3 Qxa4 23. Rxa4 Kf7 24. c4 Bd3 25. Bf3 Rhd8 26. Ra2 Bb4 27. Re3 Be4 28. Bxe4 dxe4 29. Rxe4 Bc3 30. c5 Bxd4 31. c6 e5 32. c7 Rdc8 33. h3 Rxc7 34. Kh2 Rb7 35. f4 f5 36. Re1 exf4 37. Bxf4 Rxb3 38. Rd2 Rb4 39. Bd6 Rc4 40. Re7+ Kf6 41. Rde2 Bc5 42. R2e6+ Kg5 43. Bxc5 Rxc5 44. Rxh7 a5 45. Rg7 Kf4 46. Rgxg6 a4 47. Rg3 a3 48. Rf3+ Kg5 49. h4+ Kg4 50. Rg3+ Kf4 51. Rf3+ Kg4 52. Rg3+ Kf4 53. Rf3+ Kg4 1/2-1/2

[Event "SLO-chT U16"]
[Site "Debeli Rtic"]
[Date "2015.05.17"]
[Round "5"]
[White "Pridigar, Lovro"]
[Black "Povh, Blaz"]
[Result "1-0"]
[WhiteElo "1899"]
[BlackElo "1325"]
[PlyCount "123"]
[EventDate "2015.05.15"]
[EventType "swiss"]
[EventRounds "6"]
[EventCountry "SLO"]
[SourceTitle "EXT 2023"]
[Source "ChessBase"]
[SourceDate "2022.10.05"]
[SourceVersion "1"]
[SourceVersionDate "2022.10.05"]
[SourceQuality "1"]

1. d4 d5 2. c4 e6 3. Nc3 Nf6 4. cxd5 exd5 5. Bg5 Be7 6. e3 Bf5 7. Qb3 b6 8. Bxf6 Bxf6 9. Qxd5 Qxd5 10. Nxd5 Bd8 11. Rc1 c6 12. Nb4 Bd7 13. Nf3 Be7 14. Nd3 f6 15. Be2 0-0 16. 0-0 Be6 17. a3 Rc8 18. Nf4 Bf7 19. d5 c5 20. Nd4 Nd7 21. Nf5 Kf8 22. Ba6 Re8 23. Bb5 Ne5 24. Bxe8 Rxe8 25. Rfd1 g6 26. Nxe7 Kxe7 27. Nd3 Nd7 28. d6+ Kd8 29. b4 c4 30. Nb2 Ne5 31. h3 b5 32. f4 Nd7 33. Kf2 f5 34. a4 a6 35. axb5 axb5 36. Ra1 Kc8 37. Ra5 c3 38. Rc1 Nf6 39. Rxc3+ Kd7 40. Rc7+ Ke6 41. Ra6 Ne4+ 42. Ke2 Nxd6 43. Rxf7 Kxf7 44. Rxd6 Rc8 45. Kd2 Ra8 46. Rb6 Ra2 47. Kc2 Ra3 48. Rxb5 Rxe3 49. Rd5 Re4 50. Nd3 Re2+ 51. Kc3 Rxg2 52. b5 Ke6 53. b6 Kxd5 54. b7 Rg3 55. b8Q Rxh3 56. Qe5+ Kc6 57. Kc4 h5 58. Qd5+ Kc7 59. Kc5 h4 60. Qd6+ Kb7 61. Qc6+ Ka7 62. Qb6+ 1-0

[Event "SLO-chT U16"]
[Site "Debeli Rtic"]
[Date "2015.05.16"]
[Round "3"]
[White "Majcen, Maja"]
[Black "Pridigar, Lovro"]
[Result "1-0"]
[WhiteElo "1291"]
[BlackElo "1899"]
[PlyCount "89"]
[EventDate "2015.05.15"]
[EventType "swiss"]
[EventRounds "6"]
[EventCountry "SLO"]
[SourceTitle "EXT 2023"]
[Source "ChessBase"]
[SourceDate "2022.10.05"]
[SourceVersion "1"]
[SourceVersionDate "2022.10.05"]
[SourceQuality "1"]

1. e4 c5 2. Nc3 d6 3. g3 Nc6 4. Bg2 Nf6 5. d3 g6 6. f4 Bg7 7. Nf3 0-0 8. 0-0 Rb8 9. Be3 Ng4 10. Bf2 Nxf2 11. Rxf2 Qb6 12. Rb1 Bg4 13. Nd5 Qa5 14. c3 b5 15. Kh1 e6 16. Ne3 Bxf3 17. Bxf3 Qa6 18. f5 Ne5 19. Be2 Bh6 20. Ng4 Nxg4 21. Bxg4 exf5 22. exf5 Qxa2 23. Bh3 Rbe8 24. Ra1 Qd5+ 25. Bg2 Qe5 26. fxg6 hxg6 27. Rxa7 Be3 28. Re2 Qh5 29. Qf1 d5 30. Rb7 d4 31. Rxb5 Re5 32. cxd4 Rf5 33. Qe1 Bxd4 34. Re4 Bf2 35. Qe2 Bxg3 36. Qxh5 Rxh5 37. h3 f5 38. Re6 f4 39. Rxg6+ Kh8 40. d4 Re8 41. Bf1 Re1 42. Kg1 Rxh3 43. dxc5 Rh2 44. c6 Rf2 45. Rh5# 1-0

[Event "SLO-ch U14"]
[Site "Bled"]
[Date "2015.02.27"]
[Round "9"]
[White "Brinovec, David"]
[Black "Pridigar, Lovro"]
[Result "1-0"]
[WhiteElo "1946"]
[BlackElo "1623"]
[PlyCount "105"]
[EventDate "2015.02.21"]
[EventType "swiss"]
[EventRounds "9"]
[EventCountry "SLO"]
[SourceTitle "EXT 2023"]
[Source "ChessBase"]
[SourceDate "2022.10.05"]
[SourceVersion "1"]
[SourceVersionDate "2022.10.05"]
[SourceQuality "1"]

1. e4 c5 2. c3 d5 3. exd5 Qxd5 4. d4 Nf6 5. Nf3 e6 6. Na3 Qd8 7. Nc2 Nc6 8. Bg5 cxd4 9. Ncxd4 Nxd4 10. Nxd4 Be7 11. Bd3 0-0 12. 0-0 Nd5 13. Bxe7 Qxe7 14. Re1 Nf6 15. Qf3 Qc5 16. Qg3 Nh5 17. Re5 Nxg3 18. Rxc5 b6 19. Rc7 e5 20. hxg3 exd4 21. Be4 dxc3 22. Bxa8 cxb2 23. Rb1 Bf5 24. Rxb2 Rxa8 25. Rb4 h6 26. Ra4 a6 27. Rb7 b5 28. Ra3 Be4 29. Rb6 Kf8 30. f3 Bd5 31. Raxa6 Rxa6 32. Rxa6 Ke7 33. a3 Kd7 34. Kf2 Kc7 35. a4 bxa4 36. Rxa4 Kd6 37. g4 Ke6 38. Ke3 Kf6 39. Ra6+ Ke7 40. g3 Be6 41. Kf4 Bd5 42. Ra3 Kf6 43. Ke3 Be6 44. Kd4 g6 45. Ra6 Ke7 46. Ke5 f6+ 47. Kd4 Kd7 48. Ra7+ Kd6 49. Rh7 f5 50. gxf5 Bxf5 51. Rxh6 Ke6 52. g4 Bxg4 53. Rxg6+ 1-0

[Event "SLO-ch U14"]
[Site "Bled"]
[Date "2015.02.25"]
[Round "8"]
[White "Pridigar, Lovro"]
[Black "Tisaj, Domen"]
[Result "1-0"]
[WhiteElo "1623"]
[BlackElo "1682"]
[PlyCount "85"]
[EventDate "2015.02.21"]
[EventType "swiss"]
[EventRounds "9"]
[EventCountry "SLO"]
[SourceTitle "EXT 2023"]
[Source "ChessBase"]
[SourceDate "2022.10.05"]
[SourceVersion "1"]
[SourceVersionDate "2022.10.05"]
[SourceQuality "1"]

1. d4 d5 2. c4 e6 3. Nc3 Nf6 4. cxd5 exd5 5. Bg5 Nbd7 6. e3 c6 7. Bd3 Be7 8. Nge2 0-0 9. 0-0 Re8 10. f3 h6 11. Bh4 Nf8 12. Bc2 Be6 13. e4 N6d7 14. Bxe7 Qxe7 15. e5 f5 16. f4 Ng6 17. g4 Nh4 18. Ng3 Rf8 19. Qb1 g6 20. gxf5 gxf5 21. Kh1 Kh8 22. Nd1 Qf7 23. Ne3 c5 24. Qd1 c4 25. Qe1 b5 26. Ne2 Ng6 27. Qg3 Qh7 28. Qh3 Ne7 29. Ng3 Rf7 30. Rae1 Rff8 31. Qh5 Bf7 32. Qe2 Bg6 33. Ng2 Rae8 34. Nh4 Nb8 35. Rg1 Nbc6 36. Qd2 Ng8 37. Nxg6+ Qxg6 38. Nxf5 Qh5 39. Nd6 Re7 40. Rg3 Rg7 41. Rxg7 Kxg7 42. Rg1+ Kh8 43. Qg2 1-0

[Event "SLO-ch U14"]
[Site "Bled"]
[Date "2015.02.24"]
[Round "6"]
[White "Bajo, Tin"]
[Black "Pridigar, Lovro"]
[Result "0-1"]
[WhiteElo "1598"]
[BlackElo "1623"]
[PlyCount "88"]
[EventDate "2015.02.21"]
[EventType "swiss"]
[EventRounds "9"]
[EventCountry "SLO"]
[SourceTitle "EXT 2023"]
[Source "ChessBase"]
[SourceDate "2022.10.05"]
[SourceVersion "1"]
[SourceVersionDate "2022.10.05"]
[SourceQuality "1"]

1. e4 c5 2. c3 d5 3. exd5 Qxd5 4. d4 Nf6 5. Nf3 e6 6. Be2 Nc6 7. 0-0 cxd4 8. cxd4 Be7 9. Nc3 Qd6 10. Be3 0-0 11. a3 b6 12. Rc1 Bb7 13. Qd2 Nd5 14. Bc4 Na5 15. Ba2 Nxc3 16. Rxc3 Bxf3 17. Bf4 Qd7 18. Rxf3 Rfd8 19. Rd1 Bf6 20. d5 exd5 21. Bxd5 Rac8 22. Bg5 Bxg5 23. Qxg5 Qxd5 24. Qxd5 Rxd5 25. Re1 Kf8 26. Rfe3 Rcd8 27. g4 Rd1 28. Kg2 Rxe1 29. Rxe1 Nc4 30. b3 Nxa3 31. Ra1 Nb5 32. Rc1 Rd3 33. b4 Rd4 34. Rb1 Rxg4+ 35. Kf3 Rd4 36. Ke3 f5 37. f4 Ke7 38. h4 g6 39. h5 gxh5 40. Rh1 Rxb4 41. Rxh5 Re4+ 42. Kf3 Nd4+ 43. Kg3 a5 44. Rxh7+ Kd6 0-1

[Event "SLO-ch U14"]
[Site "Bled"]
[Date "2015.02.23"]
[Round "4"]
[White "Kobe, Matic"]
[Black "Pridigar, Lovro"]
[Result "0-1"]
[WhiteElo "1081"]
[BlackElo "1623"]
[PlyCount "54"]
[EventDate "2015.02.21"]
[EventType "swiss"]
[EventRounds "9"]
[EventCountry "SLO"]
[SourceTitle "EXT 2023"]
[Source "ChessBase"]
[SourceDate "2022.10.05"]
[SourceVersion "1"]
[SourceVersionDate "2022.10.05"]
[SourceQuality "1"]

1. e4 c5 2. Nf3 d6 3. d4 cxd4 4. Nxd4 Nf6 5. Nc3 g6 6. Be3 Bg7 7. f3 0-0 8. Bc4 Nc6 9. Qd2 Bd7 10. 0-0-0 Ne5 11. h4 Nxc4 12. Qd3 Nxe3 13. Qxe3 Qa5 14. Kb1 Rfc8 15. g4 b5 16. a3 b4 17. axb4 Qxb4 18. h5 Rab8 19. Kc1 Qxb2+ 20. Kd2 Qb4 21. hxg6 hxg6 22. Nde2 Bb5 23. Rde1 Bxe2 24. Rxe2 Nxe4+ 25. fxe4 Bxc3+ 26. Kd1 Qd4+ 27. Qxd4 Rb1# 0-1

[Event "SLO-ch U14"]
[Site "Bled"]
[Date "2015.02.21"]
[Round "2"]
[White "Pridigar, Lovro"]
[Black "Amon, Nejc"]
[Result "0-1"]
[WhiteElo "1623"]
[BlackElo "2070"]
[PlyCount "126"]
[EventDate "2015.02.21"]
[EventType "swiss"]
[EventRounds "9"]
[EventCountry "SLO"]
[SourceTitle "EXT 2023"]
[Source "ChessBase"]
[SourceDate "2022.10.05"]
[SourceVersion "1"]
[SourceVersionDate "2022.10.05"]
[SourceQuality "1"]

1. d4 Nf6 2. c4 e6 3. Nc3 Bb4 4. e3 0-0 5. Nge2 d5 6. a3 Bd6 7. c5 Be7 8. Nf4 b6 9. b4 a5 10. Rb1 c6 11. Bd2 Nbd7 12. Nd3 Ne4 13. f3 Nxd2 14. Qxd2 e5 15. Nxe5 Nxe5 16. dxe5 bxc5 17. b5 d4 18. Ne4 Rb8 19. a4 Bf5 20. Bd3 c4 21. Nf6+ gxf6 22. Bxf5 Bb4 23. Rxb4 axb4 24. Qf2 dxe3 25. Qg3+ Kh8 26. 0-0 e2 27. Re1 Qd4+ 28. Kh1 h6 29. Qh3 Qf4 30. g4 Rbd8 31. Rxe2 Rd1+ 32. Kg2 Rd2 33. Rxd2 Qxd2+ 34. Kf1 fxe5 35. Qh4 Qg5 36. Qxg5 hxg5 37. bxc6 c3 38. Ke1 b3 39. c7 b2 40. Kd1 Rc8 41. Kc2 Rxc7 42. Kb3 Rc5 43. Bc2 Kg7 44. h3 Kf6 45. Bf5 Ke7 46. Bc2 Kd6 47. Be4 f6 48. a5 Rxa5 49. Kxc3 Rb5 50. Bb1 Kc5 51. Kd3 Rb3+ 52. Ke4 Rc3 53. Ba2 Ra3 54. Bb1 Ra1 55. Bc2 b1Q 56. Bxb1 Rxb1 57. Kf5 Rf1 58. Kxf6 Rxf3+ 59. Kxe5 Rxh3 60. Kf5 Kd5 61. Kxg5 Ke5 62. Kg6 Kf4 63. g5 Rg3 0-1

[Event "Nova Gorica op-A 20th"]
[Site "Nova Gorica"]
[Date "2015.02.02"]
[Round "6"]
[White "Pridigar, Lovro"]
[Black "Skuhala, Barbara"]
[Result "0-1"]
[WhiteElo "1623"]
[BlackElo "1877"]
[PlyCount "72"]
[EventDate "2015.01.30"]
[EventType "swiss"]
[EventRounds "9"]
[EventCountry "SLO"]
[SourceTitle "CBM 164 Extra"]
[Source "ChessBase"]
[SourceDate "2015.03.02"]
[SourceVersion "1"]
[SourceVersionDate "2015.03.02"]
[SourceQuality "1"]

1. d4 Nf6 2. Nf3 e6 3. e3 b6 4. Bd3 Bb7 5. Nbd2 d5 6. 0-0 Be7 7. b3 0-0 8. Bb2 Nbd7 9. Ne5 Ne4 10. f4 f5 11. Bxe4 dxe4 12. Nxd7 Qxd7 13. Nc4 Bf6 14. Ne5 Bxe5 15. fxe5 Qe7 16. c4 Rad8 17. Qc2 c5 18. Rad1 Qg5 19. Qf2 cxd4 20. Bxd4 Qg4 21. h3 Qh5 22. Qg3 h6 23. Rd2 Rf7 24. Rdf2 Kh7 25. Qh2 Qg5 26. Rf4 Qe7 27. h4 g5 28. hxg5 Qxg5 29. Rh4 Rg7 30. Rff4 Rg6 31. Rh5 Qe7 32. Rfh4 Qg7 33. Kf1 b5 34. Bc5 Rd1+ 35. Ke2 Ra1 36. Be7 Rxg2+ 0-1

[Event "Nova Gorica op-A 20th"]
[Site "Nova Gorica"]
[Date "2015.02.01"]
[Round "5"]
[White "Markocic, Tine"]
[Black "Pridigar, Lovro"]
[Result "1-0"]
[WhiteElo "1981"]
[BlackElo "1623"]
[PlyCount "59"]
[EventDate "2015.01.30"]
[EventType "swiss"]
[EventRounds "9"]
[EventCountry "SLO"]
[SourceTitle "CBM 164 Extra"]
[Source "ChessBase"]
[SourceDate "2015.03.02"]
[SourceVersion "1"]
[SourceVersionDate "2015.03.02"]
[SourceQuality "1"]

1. e4 c5 2. Nc3 d6 3. f4 Nc6 4. Nf3 Nf6 5. Bb5 a6 6. Bxc6+ bxc6 7. d3 g6 8. 0-0 Bg7 9. Qe1 0-0 10. Qh4 e6 11. f5 exf5 12. exf5 Bxf5 13. Bg5 h6 14. Bxh6 Bxh6 15. Qxh6 Ng4 16. Qf4 Re8 17. Rae1 Qd7 18. h3 Ne5 19. Nh4 Rab8 20. Qg5 Qe7 21. Rxf5 Qxg5 22. Rxg5 Kh7 23. Rg3 g5 24. Rxg5 Kh6 25. Rf5 Rxb2 26. Re2 Rb4 27. g3 Rg8 28. Kf2 Re8 29. Rf6+ Kg7 30. Rxd6 1-0

[Event "Nova Gorica op-A 20th"]
[Site "Nova Gorica"]
[Date "2015.01.31"]
[Round "3"]
[White "Suc, Timothy"]
[Black "Pridigar, Lovro"]
[Result "0-1"]
[WhiteElo "2080"]
[BlackElo "1623"]
[PlyCount "140"]
[EventDate "2015.01.30"]
[EventType "swiss"]
[EventRounds "9"]
[EventCountry "SLO"]
[SourceTitle "CBM 164 Extra"]
[Source "ChessBase"]
[SourceDate "2015.03.02"]
[SourceVersion "1"]
[SourceVersionDate "2015.03.02"]
[SourceQuality "1"]

1. d4 Nf6 2. Nf3 d5 3. Bf4 e6 4. e3 c5 5. c3 Qb6 6. Qb3 Qxb3 7. axb3 Nc6 8. Nbd2 Be7 9. h3 0-0 10. Bd3 Nd7 11. 0-0 f6 12. Bb5 a6 13. Bg3 Nb6 14. Bd3 Nd7 15. Bb5 Nb6 16. Bd3 Nd7 17. dxc5 Nxc5 18. Bc2 b5 19. b4 Nd7 20. Nd4 Nxd4 21. exd4 Nb6 22. Rfe1 Re8 23. Bc7 Bd8 24. Bg3 Ra7 25. Re2 Bc7 26. Bxc7 Rxc7 27. Nb3 Nd7 28. Rae1 Nf8 29. Nc5 Kf7 30. Bd3 Rce7 31. f4 g6 32. Bc2 Nd7 33. Nd3 Nb6 34. Bb3 Nc4 35. Nc5 Nd6 36. g4 f5 37. Kh2 Ne4 38. Bc2 Kf6 39. Bxe4 dxe4 40. Kg3 Bb7 41. Ra1 Ra8 42. Ree1 Bc8 43. Ra5 Rea7 44. Kf2 h6 45. Rea1 g5 46. Ke3 Ke7 47. Rh1 Kf6 48. b3 Rg7 49. Raa1 Raa7 50. h4 gxf4+ 51. Kxf4 Rxg4+ 52. Ke3 Rg3+ 53. Kd2 Rag7 54. Rae1 Rf3 55. Rhg1 Rh3 56. Rh1 Rg2+ 57. Kd1 Rxc3 58. Rhg1 Rcc2 59. Rxg2 Rxg2 60. Rh1 Rg7 61. Ke2 Bb7 62. Rh2 Bd5 63. Rf2 Rg3 64. h5 Rh3 65. Rg2 Rxh5 66. Rf2 Rh3 67. Kd2 h5 68. Ke2 h4 69. Rg2 Rg3 70. Rf2 h3 0-1

[Event "Nova Gorica op-A 20th"]
[Site "Nova Gorica"]
[Date "2015.01.30"]
[Round "1"]
[White "Blagojevic, Tijana"]
[Black "Pridigar, Lovro"]
[Result "1-0"]
[WhiteElo "2245"]
[BlackElo "1623"]
[PlyCount "65"]
[EventDate "2015.01.30"]
[EventType "swiss"]
[EventRounds "9"]
[EventCountry "SLO"]
[SourceTitle "CBM 164 Extra"]
[Source "ChessBase"]
[SourceDate "2015.03.02"]
[SourceVersion "1"]
[SourceVersionDate "2015.03.02"]
[SourceQuality "1"]

1. e4 c5 2. Nf3 d6 3. d4 cxd4 4. Nxd4 Nf6 5. Nc3 g6 6. Be2 Bg7 7. 0-0 0-0 8. Bg5 Nc6 9. Nb3 a6 10. a4 Na5 11. Nd2 Qb6 12. Rb1 Be6 13. Bxf6 Bxf6 14. Nd5 Qd8 15. Nxf6+ exf6 16. b4 Nc6 17. f4 f5 18. Bd3 fxe4 19. Nxe4 Nd4 20. Ng5 Nf5 21. Qf3 Qb6+ 22. Kh1 Ne3 23. Rfe1 Ng4 24. Re2 Bd7 25. Ne4 d5 26. Nc5 Qc6 27. Rbe1 Nf6 28. Qf2 Rfe8 29. b5 Rxe2 30. Rxe2 Qb6 31. bxa6 bxa6 32. h3 Kg7 33. Ne6+ 1-0

[Event "Ljubljana-chT 68th 2nd League"]
[Site "Ljubljana"]
[Date "2015.01.08"]
[Round "1.1"]
[White "Menart, Stane"]
[Black "Pridigar, Lovro"]
[Result "0-1"]
[WhiteElo "1589"]
[BlackElo "1623"]
[PlyCount "90"]
[EventDate "2015.01.08"]
[EventType "team-tourn"]
[EventRounds "10"]
[EventCountry "SLO"]
[SourceTitle "EXT 2022"]
[Source "ChessBase"]
[SourceDate "2021.10.06"]
[SourceVersion "1"]
[SourceVersionDate "2021.10.06"]
[SourceQuality "1"]
[WhiteTeam "Ljubljana Energetica Te Tol"]
[BlackTeam "Torbarji"]
[WhiteTeamCountry "SLO"]
[BlackTeamCountry "SLO"]

1. e4 c5 2. Nf3 d6 3. c4 Nc6 4. Nc3 Nf6 5. h3 g6 6. Be2 Bg7 7. 0-0 0-0 8. a3 Re8 9. d3 e6 10. Bg5 h6 11. Be3 b6 12. Qd2 Kh7 13. Rab1 d5 14. Bf4 d4 15. Na2 e5 16. Bh2 Ng8 17. g4 f5 18. Ne1 Qh4 19. exf5 gxf5 20. Bf3 e4 21. Bg2 Qe7 22. gxf5 Bxf5 23. Qf4 Qg5 24. dxe4 Qxf4 25. Bxf4 Bxe4 26. Rd1 Bxg2 27. Kxg2 Na5 28. Nc1 Nxc4 29. Ned3 Nf6 30. Rfe1 Nd5 31. Bg3 Rad8 32. Kf1 Nce3+ 33. fxe3 Nxe3+ 34. Ke2 Nxd1+ 35. Kxd1 c4 36. Nf4 d3 37. Rxe8 Rxe8 38. b3 b5 39. a4 a6 40. axb5 axb5 41. bxc4 bxc4 42. Kd2 Bb2 43. Ncxd3 cxd3 44. Kxd3 Bc1 45. Ne2 Re3+ 0-1

[Event "Ljubljana op 2nd"]
[Site "Ljubljana"]
[Date "2014.05.28"]
[Round "7"]
[White "Sketa, Mark"]
[Black "Pridigar, Lovro"]
[Result "1-0"]
[WhiteElo "1660"]
[BlackElo "1660"]
[PlyCount "79"]
[EventDate "2014.04.02"]
[EventType "swiss"]
[EventRounds "9"]
[EventCountry "SLO"]
[SourceTitle "EXT 2023"]
[Source "ChessBase"]
[SourceDate "2022.10.05"]
[SourceVersion "1"]
[SourceVersionDate "2022.10.05"]
[SourceQuality "1"]

1. e4 c5 2. Nf3 d6 3. d4 cxd4 4. Nxd4 Nf6 5. Nc3 g6 6. Bc4 Bg7 7. Be3 0-0 8. f3 Nc6 9. Qd2 Bd7 10. 0-0-0 Ne5 11. Bb3 Qa5 12. Kb1 Rfc8 13. Nd5 Qxd2 14. Bxd2 Nxd5 15. Bxd5 Nc4 16. Bg5 Kf8 17. Bc1 Rab8 18. Ne2 Bb5 19. Nd4 Bd7 20. Ne2 Bb5 21. Nf4 e6 22. Bxc4 Rxc4 23. Rxd6 Rbc8 24. c3 Be5 25. Rdd1 R4c6 26. Nd3 Bg7 27. Nb4 Rc4 28. Nc2 Ba4 29. Rd3 R4c7 30. Rhd1 Ke8 31. Bg5 f6 32. Bh4 Bb5 33. Rd6 g5 34. Bf2 Bf8 35. R6d2 b6 36. Bg3 e5 37. Ne3 Bd7 38. Nd5 Rc6 39. Nxf6+ Rxf6 40. Rxd7 1-0